00650nam a2200217 a 450000100060000000300090000600800410001502000150005604000280007108200140009910000430011324500560015626000430021230000110025549000340026665000400030065000320034065000310037294200120040399900170041514847CO-ViMGA141112s2004 ck r 000 u spa d a9588159393 aCO-ViMGAbspacCO-ViMGA04a498 R345e1 aReinoso Galindo, Andres Eduardo91152310aElementos para una gramática de la lengua piapoco aBtá, cMinisterio de Cultura, c2002 a384.p. aPremios nacionales de Cultura14aLENGUAS INDIGENAS - COLOMBIA91152614aPIAPOCO - FONética91152514aPIAPOCO - GRAMATICA911524 2ddccBK c25331d25331